| Tag |
First Indicator |
Second Indicator |
Subfields |
| LEADER |
00000cam a2200000Ii 4500 |
| 001 |
in00004366261 |
| 005 |
20220105170251.0 |
| 008 |
211020s2021 mauaf e b 001 0 eng |
| 010 |
|
|
|a 2021014652
|
| 020 |
|
|
|a 9780358244301
|q (hardback)
|
| 020 |
|
|
|a 0358244307
|q (hardback)
|
| 035 |
|
|
|a (OCoLC)on1277507878
|
| 035 |
|
|
|a (OCoLC)1277507878
|
| 040 |
|
|
|a DLC
|b eng
|e rda
|c LNC
|d LNC
|d GL4
|d UtOrBLW
|
| 043 |
|
|
|a n-us---
|
| 049 |
|
|
|a TXAM
|
| 050 |
0 |
0 |
|a ML3534.3
|b .O99 2021
|
| 082 |
0 |
0 |
|a 781.660973
|2 23
|
| 084 |
|
|
|a MUS055000
|a MUS030000
|2 bisacsh
|
| 100 |
1 |
|
|a Ozzi, Dan,
|e author.
|0 http://id.loc.gov/authorities/names/n2016033331
|
| 245 |
1 |
0 |
|a Sellout :
|b the major-label feeding frenzy that swept punk, emo, and hardcore (1994-2007) /
|c Dan Ozzi.
|
| 246 |
3 |
|
|a Sell out
|
| 264 |
|
1 |
|a Boston :
|b Mariner Books, Houghton Mifflin Harcourt,
|c [2021]
|
| 300 |
|
|
|a xvi, 400 pages, 8 unnumbered pages of plates :
|b illustrations (chiefly color) ;
|c 24 cm
|
| 336 |
|
|
|a text
|b txt
|2 rdacontent
|
| 337 |
|
|
|a unmediated
|b n
|2 rdamedia
|
| 338 |
|
|
|a volume
|b nc
|2 rdacarrier
|
| 504 |
|
|
|a Includes bibliographical references (pages 374-378) and index.
|
| 505 |
0 |
|
|a Green Day-Dookie : Reprise Records (1994) -- Jawbreaker-Dear You : DGC (1995) -- Jimmy Eat World-Static Prevails : Capitol Records (1996) -- Blink-182-Dude Ranch : MCA Records (1997) -- At the Drive-In-Relationship of Command : Grand Royal (2000) -- The Donnas-Spend the Night : Atlantic Records (2002) -- Thursday-War All the Time : Island Records (2003) -- The Distillers-Coral Fang : Sire Records (2003) -- My Chemical Romance-Three Cheers for Sweet Revenge : Reprise Records (2004) -- Rise Against-Siren Song of the Counter Culture : Geffen Records (2004) -- Against Me!-New Wave : Sire Records (2007).
|
| 520 |
|
|
|a "From celebrated music writer Dan Ozzi comes a comprehensive chronicle of the punk music scene's evolution from the early nineties to the mid-aughts, following eleven bands as they dissolved, "sold out," and rose to surprise stardom"--
|c Provided by publisher.
|
| 520 |
|
|
|a "From celebrated music writer Dan Ozzi comes a comprehensive chronicle of the punk music scene's evolution from the early nineties to the mid-aughts, following eleven bands as they dissolved, "sold out," and rose to surprise stardom. From its inception, punk music has been identified by two factors: its proximity to "authenticity," and its reliance on an antiestablishment ethos. Yet, in the mid- to late '90s, major record labels sought to capitalize on punk's rebellious undertones, leading to a schism in the scene: to accept the cash flow of the majors, or stick to indie cred?Sellout chronicles the evolution of the punk scene during this era, focusing on prominent bands as they experienced the last "gold rush" of the music industry. Within it, music writer Dan Ozzi follows the rise of successful bands like Green Day and Jimmy Eat World, as well as the implosion of groups like Jawbreaker and At the Drive-In, who buckled under the pressure of their striving labels. Featuring original interviews and personal stories from members of eleven of modern punk's most (in)famous bands, Sellout is the history of the evolution of the music industry, and a punk rock lover's guide to the chaotic darlings of the post-grunge era. "--
|c Provided by publisher.
|
| 650 |
|
0 |
|a Punk rock music
|z United States
|x History and criticism.
|
| 650 |
|
0 |
|a Rock music
|z United States
|y 1991-2000
|x History and criticism.
|
| 650 |
|
0 |
|a Rock music
|z United States
|y 2001-2010
|x History and criticism.
|
| 650 |
|
0 |
|a Rock groups
|z United States.
|
| 650 |
|
7 |
|a MUSIC / Essays.
|2 bisacsh
|
| 650 |
|
7 |
|a MUSIC / Genres & Styles / Punk.
|2 bisacsh
|
| 776 |
0 |
8 |
|i Online version:
|a Ozzi, Dan.
|t Sellout
|d Boston : Mariner Books, Houghton Mifflin Harcourt, [2021]
|z 9780358239963
|w (DLC) 2021014653
|
| 948 |
|
|
|a cataloged
|b h
|c 2021/11/10
|d c
|e ceaton
|f 8:34:04 am
|
| 994 |
|
|
|a C0
|b TXA
|
| 999 |
f |
f |
|s 4bcc2c93-4b1f-3bf5-ba51-9bdfee62b4a7
|i 49f80b7b-4fee-3dd2-a9e8-9150814d3ba5
|t 0
|
| 952 |
f |
f |
|p normal
|a Texas A&M University
|b College Station
|c Sterling C. Evans Library
|s Evans stk
|d Evans: Library Stacks
|t 0
|e ML3534.3 .O99 2021
|h Library of Congress classification
|i unmediated -- volume
|m A14851259342
|
| 998 |
f |
f |
|a ML3534.3 .O99 2021
|t 0
|l Evans: Library Stacks
|